000 02063cam a22005174i 4500
003 PE-LiUPU
005 20250731173507.0
008 150616s r 000 0 d
020 _a0671866753
035 _a(Sirsi) i9780671866754
040 _aPE-LiUPU
_bspa
_cPE-LiUPU
_erda
049 _aPRUA
082 0 4 _b
_221
100 1 _aKrug, Doug,
_eautor.
245 1 0 _aEnlightened Leadership :
_bgetting to the heart of change /
_cDoug Krug.
264 1 _aNew York :
_bSimon & Schuster,
_c1994.
300 _a265 páginas :
_bIlustraciones ;
_c21 centímetros
336 _atext
_2rdacontent
337 _aunmediated
_2rdamedia
338 _avolume
_2rdacarrier
504 _aIncluye bibliografía.
505 0 _aGetting right to the point -- The dynamics of organizational change -- Getting to the real issues -- The mindset issue -- Looking and focus -- Generating the mindset shift -- Asking versus telling -- The ultimate empowerment tool -- leadership
526 _aSEG42
526 _aSEG41
526 _aSEG40
526 _aSEG39
526 _aP94
526 _aP87
526 _aP86
526 _aP85
526 _aP77
526 _aP76
526 _aP35
650 0 4 _aLiderazgo.
700 1 _aOakley, Ed,
_eautor.
910 _ajck
_bjvq
_cjck
942 _2ddc
_cBOOK
949 _a254 K84
_wDEWEY
_c1
_i40534
_lCCODEBUL1
_mBUL
_r0
_sY
_tBOOK
_u2015-4-23
_xTEOLOGIA
_zUNKNOWN
_0COMPRA
_o.STAFF. Colección General
949 _a254 K84
_wDEWEY
_c2
_i40533
_lCCODEBUL1
_mBUL
_r0
_sY
_tBOOK
_u2015-6-16
_xTEOLOGIA
_zUNKNOWN
_0COMPRA
_o.STAFF. Colección General
994 _aC0
_bPEPRU
596 _a1
999 _a254 K84
_wDEWEY
_c58322
_i40534
_f2021-11-10
_g5
_lCCODEBUL1
_mBUL
_r0
_sY
_tBOOK
_u2015-4-23
_xTEOLOGIA
_zUNKNOWN
_0COMPRA
_o.STAFF. Colección General
_d58322
999 _a254 K84
_wDEWEY
_c2
_i40533
_f2021-11-10
_g5
_lCCODEBUL1
_mBUL
_r0
_sY
_tBOOK
_u2015-6-16
_xTEOLOGIA
_zUNKNOWN
_0COMPRA
_o.STAFF. Colección General
980 _81
_gALBERTO SANCHEZ Responsable de Automatización